00701nam a2200229 a 4500001001300000003000900013005001700022008004100039020002500080082001500105100002000120245006400140260004200204300001100246500003500257505002100292650002300313902000800336942000700344952010500351999001500456nice12345678IN_TiNIC20260116013136.0050524s1997 leia grd 000 0 eng  a0830894 c32.9900a225.3bMAR aMartin, Ralph P aDictionary of the Later New Testament and Its Developments. aLeicesterbInter Varsity Press c1997 a1289p. aincludes index and biblioraphy2 aScripture Index. aBible-Dictionaries bRHR cBK 001040708REFaHMIbHMIcREFd2007-06-19g32.99l0o225.3 MARp019601r2007-06-19w2026-01-16yBK c9833d9833